Wszystkie kluby piłkarskie z londybu - Statystyki

Ogólne statystyki
  • Ten quiz został rozwiązany 912 razy
  • Średni wynik to 6 z 15
Statystyki odpowiedzi
Odpowiedzi % Poprawnych
Arsenal
98%
Chelsea
98%
Tottenham
91%
West ham
76%
Crystal Palace
53%
Fulham
49%
Qpr
25%
Millwall
21%
Wimbledon
17%
Brentford
16%
Charlton Athletic
8%
Leyton Orient
5%
Barnet
4%
Afc Wimbledon
3%
Dagenham & Redbridge
1%
Nie znaleziono quizów pasujących do podanych kryteriów
Rozkład punktacji
Procent ludzi z każdym wynikiem
Percentyl według liczby udzielonych odpowiedzi
Twoja historia wyników
Nie rozwiązałeś tego quizu